Contra la pena de muerte : (Record no. 190401)
[ view plain ]
| 000 -LEADER | |
|---|---|
| campo de control de longitud fija | 00616nab a2200169 i 4500 |
| 001 - NÚMERO DE CONTROL | |
| campo de control | 190401 |
| 003 - IDENTIFICADOR DE NÚMERO DE CONTROL | |
| campo de control | ES-MaACL |
| 005 - FECHA Y HORA DE LA ÚLTIMA TRANSACCIÓN | |
| campo de control | 20250808034530.0 |
| 008 - DATOS DE LONGITUD FIJA--INFORMACIÓN GENERAL | |
| campo de control de longitud fija | 210201s1977 sp 000 0 spa d |
| 245 00 - MENCIÓN DEL TÍTULO | |
| Título | Contra la pena de muerte : |
| Resto del título | en el Ateneo de Madrid. |
| 650 #7 - PUNTO DE ACCESO ADICIONAL DE MATERIA--TÉRMINO DE MATERIA | |
| Término de materia o nombre geográfico como elemento de entrada | Pena de muerte |
| Fuente del encabezamiento o término | embne |
| 9 (RLIN) | 15915 |
| 710 2# - ENTRADA AGREGADA--NOMBRE DE ENTIDAD CORPORATIVA | |
| Nombre de entidad corporativa o nombre de jurisdicción como elemento de entrada | Ateneo de Madrid |
| 9 (RLIN) | 1875 |
| 773 0# - ASIENTO DE ITEM FUENTE | |
| Título | El Ciervo, |
| Lugar, editor y fecha de publicación | Barcelona : [Asociación Católica Nacional de Propagandistas del Centro de Barcelona], |
| Número Internacional Normalizado para Publicaciones Seriadas | ISSN 0045-6896, |
| Parte(s) relacionada(s) | 1977, n. 305, p. 4 |
| Número bibliográfico anfitrión | 650 |
| Número de control del registro | 650 |
| Número de ítem anfitrión | 669 |
| 942 ## - ELEMENTOS DE ENTRADA SECUNDARIOS (KOHA) | |
| Tipo de ítem Koha | Artículo de revista |
| Fuente del sistema de clasificación o colocación | Clasificación decimal universal |
No items available.
